000 00388nam a2200145Ia 4500
008 211109s9999||||xx |||||||||||||| ||und||
082 _a516.24
_bBRE-P
100 _aBrenke, William C
245 0 _aPlane And Spherical Trignometry
260 _bDryden
_aNew York
_c1943
300 _a102p.
630 _xGeneral Stack
650 _aScience
_vMathematicsGeometry
_xGeneralia
942 _cBOOK
999 _c21946
_d21946